000
00311nam a2200121Ia 4500
100
_a
Meriam/J.L
490
_v
II
942
_c
BK
654
_a
Engineering
245
_a
Engineering Mechanics Statistics & Dynamics : Engineering Mechanics-Dynamics
260
_b
John Wiley
_a
New York
_c
1993
546
_a
ENGLISH
999
_c
20811
_d
20811